| 000 | 00700cam a2200241 a 4500 | ||
|---|---|---|---|
| 005 | 20260322212009.0 | ||
| 008 | data | ||
| 010 | _a 93014834 | ||
| 020 | _a0927534320 (paper) | ||
| 020 | _a9780927534321 (paper) | ||
| 040 |
_aDLC _cDLC _dDLC |
||
| 043 | _an-us--- | ||
| 050 | 0 | 0 |
_aPS3557.A8449 _bM97 1993 |
| 082 | 0 | 0 |
_a813/.54 _220 |
| 092 | _a813 M97 1993 | ||
| 100 | 1 |
_aGaspar de Alba, Alicia, _d1958- |
|
| 245 | 1 | 4 |
_aThe mystery of survival and other stories / _cAlicia Gaspar de Alba. |
| 260 |
_aTempe, Ariz. : _bBilingual Press/Editorial Bilingüe, _cc1993. |
||
| 300 |
_a106 p. ; _c22 cm. |
||
| 650 | 0 |
_aMexican American women _xFiction. |
|
| 650 | 0 |
_aMexican Americans _xFiction. |
|
| 001 | data | ||
| 999 |
_c166 _d166 |
||